[Event "Nordic-ch U16"]
[Site "Torshavn"]
[Date "2021.09.10"]
[Round "1"]
[White "Tasa, Joel"]
[Black "Dale, Gunnar Brandshaug"]
[Result "1-0"]
[WhiteElo "1441"]
[BlackElo "1929"]
[PlyCount "39"]
[EventDate "2021.09.10"]
[EventType "swiss"]
[EventRounds "6"]
[EventCountry "FAI"]
[SourceTitle "EXT 2023"]
[Source "ChessBase"]
[SourceDate "2022.10.05"]
[SourceVersion "1"]
[SourceVersionDate "2022.10.05"]
[SourceQuality "1"]

1. c4 Nf6 2. Nc3 e5 3. Nf3 Nc6 4. e3 d6 5. Qb3 g6 6. Be2 Bg7 7. 0-0 0-0 8. d4 e4 9. Ng5 Qe7 10. f3 exf3 11. Bxf3 Ng4 12. Nge4 Nxd4 13. exd4 Bxd4+ 14. Kh1 Nxh2 15. Nd5 Qd8 16. Bg5 f6 17. Bxf6 Bxf6 18. Ndxf6+ Rxf6 19. Nxf6+ Qxf6 20. Bd5+ 1-0